Fundamentos de la ciencia del suelo
Tallennettuna:
| Päätekijä: | |
|---|---|
| Aineistotyyppi: | Kirja |
| Kieli: | espanja |
| Julkaistu: |
Ciudad de México
Continental
1985
|
| Painos: | 1a. ed |
| Aiheet: | |
| Tagit: |
Lisää tagi
Ei tageja, Lisää ensimmäinen tagi!
|
MARC
| LEADER | 00000nam a2200000 a 4500 | ||
|---|---|---|---|
| 001 | UCL9278 | ||
| 003 | CL-VaPUC | ||
| 008 | 040730e19850000MX |||||||||||||||||spa|d | ||
| 020 | |a 9682605849 | ||
| 082 | 0 | 4 | |a 631.4 |b FOT |2 21 |
| 100 | 0 | |a Foth, Henry D |e author |9 487103 | |
| 245 | 1 | 0 | |a Fundamentos de la ciencia del suelo |
| 250 | |a 1a. ed | ||
| 300 | |a 433 p | ||
| 942 | |c BK | ||
| 945 | |d 20040730 00:00:00 |a cmena | ||
| 260 | |a Ciudad de México |b Continental |c 1985 | ||
| 650 | 0 | |a Suelos |9 260322 | |
| 650 | 0 | |a Propiedades del suelo |9 350106 | |
| 650 | 7 | |a RECURSOS DEL SUELO |2 CL-VaPUC |9 364275 | |
| 650 | 0 | |a Erosión del suelo |9 361524 | |
| 650 | 7 | |a TEMPERATURA DEL SUELO |2 CL-VaPUC |9 357452 | |
| 650 | 7 | |a CULTIVO DE PLANTAS |2 CL-VaPUC |9 362044 | |
| 650 | 0 | |a Agricultura |9 255598 | |
| 583 | |a last modification |c 20040730 00:00:00 |k Rodrigo Vera | ||
| 999 | |c 310140 |d 310138 | ||
| 952 | |0 0 |1 0 |4 0 |6 631_400000000000000_FOT_1985 |7 0 |8 A |9 378299 |a BIBAGR |b BIBAGR |d 2019-11-21 |i 4043634 |o 631.4 FOT 1985 |p 4043634 |r 2025-01-20 |w 2019-11-21 |y BK |k AGR | ||